01609nam a22002297a 4500003000400000005001700004008004100021040002800062100004900090245031500139260004100454300003800495502019100533504005300724505018200777650009700959651007201056700004401128700003901172700005001211830011801261OSt20191014192148.0170814b xxu||||| |||| 00| 0 esp d cDO-SdBJHaDO-SdBJHbspa1 aMedina Méndez, Jhunior Danielesustentante10aPropuesta de modernización de la Fuerza Aérea de República Dominicana 2016-2020: Análisis diagnóstico del Comando de Mantenimiento Aéreo GBTJET / cJhunior Daniel Medina Méndez, Carlos Ramírez Lachapel, asesores Claudio Benoit González, Tebi Enrique Rodríguez Hernández aSanto Domingo Este :bINSUDE, c2015 axiii, 54 páginas, ilustraciones aTrabajo de grado (Licenciatura en Ciencias Aeronáuticas) -- Instituto Superior para la Defensa (INSUDE). -- Academia Aérea Gral. De Brigada Piloto Frank Andrés Feliz Miranda, 2015. aIncluye referencias bibliográficas e índices aAntecedentes históricos del Comando de Mantenimiento Aéreo,. -- Infraestructura del Comando de Mantenimiento Aéreo. -- Análisis FODA del Comando de Mantenimiento Aéreo 4aAnálisis de Comando de Mantenimiento Aéreo -- Modernización Fuerza Aérea (propuesta) 4aRepública Dominicana. Fuerza Aérea -- Comando de Mantenimiento1 aRamírez Lachapel, Carlosesustentante1 aBenoit González, Claudioeasesor1 aRodríguez Hernández, Tebi Enriqueeasesor aINSUDE. Academia Aérea Gral. De Brig. Pil. Frank Andrés Feliz Miranda. Tesis y disertaciones académicas